Trabajo, pobreza y políticas sociales de empleo. Un acercamiento a los emprendimientos del plan de desarrollo local y la economía social Manos a la Obra en la provincia de Mendoza
La autora analiza la implementación del Plan Nacional Manos a la Obra, en la provincia de Mendoza (Argentina) e indaga las formas de organización de los emprendimientos socio productivos que recibieron apoyo económico de la iniciativa estatal. Luego de la crisis de la convertibilidad, el estado arge...
Guardat en:
| Autor principal: | |
|---|---|
| Format: | Llibre |
| Idioma: | Spanish |
| Matèries: | |
| Etiquetes: |
Afegir etiqueta
Sense etiquetes, Sigues el primer a etiquetar aquest registre!
|
MARC
| LEADER | 00000nam a2200000 4500 | ||
|---|---|---|---|
| 003 | cru CIDCACS/IIS | ||
| 005 | 20200925161253.0 | ||
| 007 | ta | ||
| 008 | 170320b2011 ar ||||| |||| 00| 0 spa d | ||
| 040 | |c CRAI/IIS |a CRAI/IIS | ||
| 090 | |a 03.02.05 D536p | ||
| 100 | 1 | |9 3503 |a Scala, Lorena M. | |
| 245 | 1 | 0 | |a Trabajo, pobreza y políticas sociales de empleo. |b Un acercamiento a los emprendimientos del plan de desarrollo local y la economía social Manos a la Obra en la provincia de Mendoza |c Lorena M. Scala |
| 300 | |a páginas 281-322 | ||
| 520 | |a La autora analiza la implementación del Plan Nacional Manos a la Obra, en la provincia de Mendoza (Argentina) e indaga las formas de organización de los emprendimientos socio productivos que recibieron apoyo económico de la iniciativa estatal. Luego de la crisis de la convertibilidad, el estado argentino parece dar un giro en su retirada de la promoción del desarrollo local. De hecho, en agosto de 2003, el ministerio de desarrollo social de la Nación lanza el plan Nacional de desarrollo local y economía social "manos a la obra". | ||
| 650 | 1 | 0 | |9 284 |a POBREZA |
| 650 | 1 | 0 | |9 3332 |a EVALUACIÓN DE PROGRAMAS |
| 773 | 0 | |0 10586 |9 10 |a Cimadamore, Alberto D. |d Colombia : CLACSO Coediciones, Siglo del Hombre Editores |o 08008 |t Producción de pobreza y desigualdad en América Latina / |w (cru CIDCACS/IIS)41909 |z 9789586651196 | |
| 942 | |2 ddc |c LI | ||
| 773 | 0 | |0 9262 |9 407 |a Di Virigilio, María Mercedes, |d Argentina : CLACSO |o 08008 |t Pobreza y desigualdad en América Latina y el Caribe / |w (cru CIDCACS/IIS)43182 |z 9789871543618 | |
| 999 | |c 19025 |d 19025 | ||



